| 000 | 00666nam a22002297a 4500 | ||
|---|---|---|---|
| 999 |
_c10704 _d10704 |
||
| 003 | AR-CdUCM | ||
| 008 | 190401b ||||| |||| 00| 0 spa d | ||
| 040 |
_aMUNICIPALIDAD PROVINCIAL DEL CUSCO _cBIBLIOTECA MUNICIPAL DEL CUSCO |
||
| 041 | _hfre | ||
| 082 |
_a848.74 / _bB19P / 1922 |
||
| 100 |
_aBalzac, Honoré de _924086 |
||
| 245 |
_aPetrilla : _bNovela / |
||
| 260 |
_aMadrid : _bCalpe, _c1922. |
||
| 300 |
_a215 páginas ; _c15 cm. |
||
| 505 | _aContenido: Novela. | ||
| 650 |
_aNovelas francesas _9571 |
||
| 650 |
_aSiglo XIX _9971 |
||
| 650 |
_aLiteratura _983 |
||
| 700 |
_aLorenzo, Félix (traducción) _927694 |
||
| 942 |
_2ddc _cLIBROS |
||
| 945 | _aachl | ||